中国声母m开头的城市(城市点位地图版) - Statistics

General Stats
  • This quiz has been taken 15 times
  • The average score is 18 of 24
Answers on the Map
Answers color-coded by a green-red scale on the quiz's map according to % correct below.
 
Answer Stats
省级行政区 城市 % Correct
内蒙古自治区 满洲里市
100%
黑龙江省 漠河市
100%
吉林省 梅河口市
92%
安徽省 马鞍山市
92%
广东省 茂名市
92%
广东省 梅州市
92%
四川省 绵阳市
92%
青海省 茫崖市
92%
黑龙江省 牡丹江市
85%
四川省 眉山市
85%
四川省 马尔康市
85%
云南省 蒙自市
85%
云南省 芒市
77%
湖北省 麻城市
69%
湖南省 汨罗市
69%
四川省 绵竹市
69%
黑龙江省 密山市
62%
云南省 弥勒市
62%
西藏自治区 米林市
62%
安徽省 明光市
54%
河南省 孟州市
54%
黑龙江省 穆棱市
46%
台湾省 苗栗市
46%
台湾省 马公市
23%
No matching quizzes found
Score Distribution
Percent of People with Each Score
Percentile by Number Answered
Your Score History
You have not taken this quiz